000 00980nam a22003497a 4500
001 9758798
003 OSt
005 20210426111514.0
008 980429n1984 xx u001 0 eng u
010 _a 83048366
015 _aGB84-41327
020 _a0060152605 :
_c$17.95
020 _a0063370360
025 _a000000080839
040 _aDLC
_cDLC
_dNOH
_dm/c
_dUKM
049 _aYYEA
080 _a92
_bL-96
096 _aWZ 100 L967.2 1984
100 1 _aLuria, S. E.
_q(Salvador Edward),
_d1912-
245 1 2 _aA slot machine, a broken test tube :
_ban autobiography /
_cS.E. Luria.
250 _a1st ed.
260 _aNew York :
_bHarper & Row,
_cc1984.
300 _ax, 228 p. :
_bill. ;
_c24 cm.
365 _a17.95 USD
490 0 _aAlfred P. Sloan Foundation series.
500 _aIncludes index.
590 _ac. 1.
650 2 _aVirology
_zItaly
_vBiography.
650 2 _aVirology
_vBiography.
653 _aბიოგრაფია
942 _2udc
_cBK
999 _c1229
_d1229